Eukanuba World Challenge

Podrobná bibliografia
Hlavný autor: Šuster, Jozef (Autor)
Médium: Článok
Jazyk:slovenčina
PhysicalDescription:Fotogr.
ISSN:1335-9282
Predmet:
On-line prístup:www.dogsk.sk

MARC

LEADER 00000nab a2200000 a 4500
001 vtls010041101
003 SK-MaSNL
005 20260303051043.0
008 100120c200912 xo r p 000 00slo
015 |a SNBRB2010/01SVKPO 
038 |a SVKPOCL 
040 |a SVKPOCL  |b slo  |c AACR2  |e AACR2 
041 |a slo 
044 |a xo  |c SK 
080 |a 636.7:061.43  |2 2001 
080 |a 061.43(100)  |2 2001 
100 1 |a Šuster, Jozef  |4 aut  |9 968078 
245 1 0 |a Eukanuba World Challenge  |c Jozef Šuster 
300 |a Fotogr. 
610 2 7 |a Chovateľský klub Eukanuba (Slovensko)  |2 svkpocl  |9 1040037 
611 2 7 |a Eukanuba World Challenge  |d (2010 :  |c Long Beach, Spojené štáty americké)  |2 svkpocl  |9 1040038 
650 0 7 |a kynológia  |2 svkpocl  |9 24771 
650 0 7 |a psy  |x výstavy  |2 svkpocl  |9 1031971 
773 0 |t Kynologická revue  |g Roč. XX, č. 12 (2009), s. 4-5  |x 1335-9282 
852 |a SVKPO  |b KIS3GCP 
856 4 1 |u www.dogsk.sk 
958 |a NB 
958 |a SK 
999 |c 1710121  |d 1712051